000 00303nam a2200121Ia 4500
008 190216s9999||||xx |||||||||||||| ||und||
100 _aClaud S George
245 0 _aManagement For Business And Industry
260 _bAllied Publishers Limited
_c1977
300 _a742p
650 _aCommerce
942 _cBK
999 _c4038
_d4038